| 000 | 01080nam a2200241Ia 4500 | ||
|---|---|---|---|
| 003 | IN-BaIIA | ||
| 008 | 211028s9999 xx 000 0 eng d | ||
| 020 | _a0-521-86345-7 | ||
| 040 | _cIIA Library | ||
| 080 |
_a082.2:52 _bIAU-S236 |
||
| 111 |
_aSymposium of the International Astronomical Union _n236th _cCzech Republic _d2006 Aug. 14-18 _930903 |
||
| 245 | 0 |
_aNear earth objects, our celestial neighbors-opportunity and risk _bproceedings of the 236th symposium of the IAU held in Prague, Czech Republic, 14-18 August, 2006 _cedited by Andrea Milani, Giovanni B. Valsecchi and David Vokrouhlicky |
|
| 260 |
_aCambridge _bCambridge University Press _c2007 |
||
| 300 | _axxiv, 500p. | ||
| 490 | _aIAU symposium; no. 236 | ||
| 650 |
_aComets-Congresses _930050 |
||
| 650 |
_aNear-Earth asteroids-Congresses _930904 |
||
| 650 |
_aOuter space-Exploration-Congresses. _930905 |
||
| 700 |
_aValsecchi, Giovanni B., ed. _930906 |
||
| 700 |
_aVokrouhlicky, David, ed. _930907 |
||
| 710 | _aInternational Astronomical Union | ||
| 942 | _cBK | ||
| 999 |
_c16599 _d16599 |
||